| 000 | 00574nam a2200193 a 4500 | ||
|---|---|---|---|
| 005 | 20210223131010.0 | ||
| 008 | 090528s2004 ve r 000 0 spa d | ||
| 020 | _a9800112243 | ||
| 035 | _aUPN01000170736 | ||
| 049 | _aCG | ||
| 050 | 4 |
_aPQ8550.12 R5.7 _bR2.4 |
|
| 100 | 1 |
_aBritto García, Luis, _d1940- |
|
| 245 | 1 | 0 |
_aRajatabla / _cLuis Britto García ; pról. Judit Gerendas. |
| 260 |
_aCaracas : _bMonte Avila, _c2004. |
||
| 300 | _axxii, 224 p. | ||
| 440 | 0 |
_aBiblioteca básica de autores venezolanos ; _v9 |
|
| 650 | 4 |
_aNOVELA VENEZOLANA _914312 |
|
| 905 | _aLibro | ||
| 999 |
_c142841 _d142841 |
||